000 00610nam a2200217Ia 4500
003 OSt
005 20220928140517.0
006 a|||||r|||| 00| 0
007 ta
008 220927b |||||||| |||| 00| 0 eng d
024 _a9095
037 _cTextual
040 _aSDCL
_cSDCL
_beng
041 _2eng
_aeng
082 _aD6,8(B289), P3
100 _aCooke Daniel E Ed.
_9495618
245 0 _aConcise introduction to computer languages
_b Design experimentation and paradigms
260 _c2003
942 _hD6,8(B289), P3
_cTEXL
_2CC
999 _c811843
_d811843